| 000 | 00370nam a22001457a 4500 | ||
|---|---|---|---|
| 003 | NUST - PNEC | ||
| 005 | 20170116181109.0 | ||
| 008 | 151003b xxu||||| |||| 00| 0 eng d | ||
| 040 | _cLIBRARY | ||
| 082 | _a621.38 FAR | ||
| 100 |
_912783 _aFarnell Components |
||
| 245 |
_aDedicated to the electronics user _cFarnell Components |
||
| 260 | _c1996-97 | ||
| 942 |
_2ddc _cBK |
||
| 999 |
_c69036 _d69036 |
||